World Capitals by Picture - Letter B - Statistics

General Stats
  • This quiz has been taken 145 times
  • The average score is 9 of 26
Answer Stats
Picture Answer % Correct
Beijing
96%
Berlin
86%
Brussels
72%
Budapest
69%
Baghdad
62%
Bangkok
51%
Bogota
44%
Bern
37%
Bucharest
37%
Bratislava
35%
Belgrade
34%
Baku
33%
Brasilia
31%
Bishkek
28%
Buenos Aires
28%
Bandar Seri Begawan
25%
Belmopan
22%
Brazzaville
22%
Bangui
16%
Banjul
16%
Basseterre
16%
Bamako
15%
Beirut
14%
Bridgetown
14%
Bissau
13%
Bloemfontein
11%
No matching quizzes found
Score Distribution
Percent of People with Each Score
Percentile by Number Answered
Your Score History
You have not taken this quiz